Muslim League session 1940 and the Lahore resolution (documents) (Record no. 387775)

000 -LEADER
fixed length control field 00523cam a22001457a 4500
008 - FIXED-LENGTH DATA ELEMENTS--GENERAL INFORMATION
fixed length control field 180718b1990 xxu||||| |||| 00| 0 eng d
082 ## - DEWEY DECIMAL CLASSIFICATION NUMBER
Classification number A6x547 M974
100 ## - MAIN ENTRY--PERSONAL NAME
Personal name Malik, Ikram Ali
245 ## - TITLE STATEMENT
Title Muslim League session 1940 and the Lahore resolution (documents)
Statement of responsibility, etc. by Ikram Ali Malik
260 ## - PUBLICATION, DISTRIBUTION, ETC.
Place of publication, distribution, etc. Islamabad
Name of publisher, distributor, etc. National Institute of Historical and Cultural Research
Date of publication, distribution, etc. 1990
300 ## - PHYSICAL DESCRIPTION
Extent 365p.
440 ## - SERIES STATEMENT/ADDED ENTRY--TITLE
Title Historical studies (Pakistan) series: 6
650 ## - SUBJECT ADDED ENTRY--TOPICAL TERM
Topical term or geographic name entry element All-India Muslim League
650 ## - SUBJECT ADDED ENTRY--TOPICAL TERM
Topical term or geographic name entry element Pakistan - History, 1939-1946
Holdings
Withdrawn status Lost status Damaged status Not for loan Permanent Location Current Location Date acquired Full call number Barcode Date last seen Price effective from Koha item type
        Indian Institute of Public Administration Indian Institute of Public Administration 1998-08-26 A6x547 M974 73572 2018-07-21 2018-07-21 Book

Powered by Koha